[Event "GER-chT U16"]
[Site "Walldorf"]
[Date "2017.12.30"]
[Round "7.4"]
[White "Stepanski, Daniel"]
[Black "Berstler, Tobias"]
[Result "1-0"]
[WhiteElo "1320"]
[BlackElo "1464"]
[PlyCount "65"]
[EventDate "2017.12.26"]
[EventType "team-swiss"]
[EventRounds "7"]
[EventCountry "GER"]
[SourceTitle "CBM 182 Extra"]
[Source "ChessBase"]
[SourceDate "2018.02.23"]
[SourceVersion "1"]
[SourceVersionDate "2018.02.23"]
[SourceQuality "1"]
[WhiteTeam "Walldorf"]
[BlackTeam "Bingen"]
[WhiteTeamCountry "GER"]
[BlackTeamCountry "GER"]

1. d4 d5 2. c4 c6 3. Nc3 Nf6 4. Bg5 e6 5. Nf3 Nbd7 6. e3 Be7 7. cxd5 cxd5 8. Bd3 0-0 9. 0-0 h6 10. Bh4 a6 11. Rc1 b6 12. Qe2 Bb7 13. Nd2 Ne8 14. Bxe7 Qxe7 15. f4 f5 16. Nf3 Nef6 17. Nh4 Kh7 18. a3 g5 19. fxg5 hxg5 20. Nf3 Ne4 21. Nd2 Ndf6 22. Rcd1 Nxc3 23. bxc3 Qxa3 24. Rc1 b5 25. Rc2 Ne4 26. Bxe4 dxe4 27. c4 bxc4 28. Nxc4 Qe7 29. Ne5 Rfc8 30. Qh5+ Kg7 31. Qg6+ Kf8 32. Rcf2 Qg7 33. Qxe6 1-0